Philippines: from crisis to opportunity: country assistance review (Record no. 53478)

MARC details
000 -LEADER
fixed length control field 00801nam a2200217 a 4500
008 - FIXED-LENGTH DATA ELEMENTS--GENERAL INFORMATION
fixed length control field 070614s1999 ||||||||||||||||| || u
020 ## - INTERNATIONAL STANDARD BOOK NUMBER
International Standard Book Number 0821342940
050 ## - LIBRARY OF CONGRESS CALL NUMBER
Classification number IBRD(06)OED/1999/1
100 ## - MAIN ENTRY--PERSONAL NAME
Personal name Zanini, Gianni
245 10 - TITLE STATEMENT
Title Philippines: from crisis to opportunity: country assistance review
260 ## - PUBLICATION, DISTRIBUTION, ETC.
Place of publication, distribution, etc. Washington, D. C.:
Name of publisher, distributor, etc. World Bank
Date of publication, distribution, etc. 1999
300 ## - PHYSICAL DESCRIPTION
Extent xv, 55p.: ill.
350 ## - PRICE (NR) (BK AM CF MU VM SE) [OBSOLETE]
Price 0.00
490 ## - SERIES STATEMENT
Series statement World Bank Operations Evaluation Department (OED)
500 ## - GENERAL NOTE
General note Country Assistance Review
650 ## - SUBJECT ADDED ENTRY--TOPICAL TERM
Topical term or geographic name entry element BANKING
650 #0 - SUBJECT ADDED ENTRY--TOPICAL TERM
Topical term or geographic name entry element PHILIPPINES--ECONOMIC POLICY
650 ## - SUBJECT ADDED ENTRY--TOPICAL TERM
Topical term or geographic name entry element WORLD BANK--PHILIPINES
710 ## - ADDED ENTRY--CORPORATE NAME
Corporate name or jurisdiction name as entry element World Bank
995 ## - RECOMMENDATION 995 [LOCAL, UNIMARC FRANCE]
-- 0.00
-- CBU-MAIN LIBRARY (Kitwe)
-- 1
-- 0.00
-- 1
-- AVAILABLE
-- Oct 18, 2007
-- International Publications
Holdings
Withdrawn status Lost status Source of classification or shelving scheme Damaged status Not for loan Home library Current library Shelving location Date acquired Total Checkouts Full call number Barcode Date last seen Price effective from Koha item type
          CBU-MAIN LIBRARY, KITWE. CBU-MAIN LIBRARY, KITWE.   11/30/2022   IBRD(06)OED/1999/1 027694 11/30/2022 11/30/2022 MONOGRAPH